000 00776nam a2200253Ia 4500
003 OSt
005 20220923212053.0
006 a|||||r|||| 00| 0
007 ta
008 220922b |||||||| |||| 00| 0 hin d
024 _a150,521
037 _cTextual
040 _aARTS
_cARTS
_bhin
041 _2hin
_ahin
082 _aQ2, 152G0
100 _aद्विवेदी, महावीर प्रसाद
245 0 _aअतीत-स्मृति
246 _aAtīta-smṛuti
260 _aप्रयाग
_b लीडर प्रेस
_c1930
300 _a212पृ.
_ccm.
650 _aधर्म
942 _hQ2, 152G0
_cTEXL
_2CC
999 _c306201
_d306201